| 000 | 00415nam a2200181Ia 4500 | ||
|---|---|---|---|
| 005 | 20240823022544.0 | ||
| 008 | 240823s9999||||xx |||||||||||||| ||und|| | ||
| 041 | _aENGLISH | ||
| 082 | _A547.2 L5 | ||
| 100 | _aGupta S P et al. | ||
| 245 | 0 | _aOrganic Reactions | |
| 250 | _a1st | ||
| 260 |
_c1975 _b"Rajhans,Meerut" |
||
| 500 | _aTRANSFERED | ||
| 650 |
_aOrganic _bChemistry |
||
| 942 | _cBK | ||
| 999 |
_c179448 _d179448 |
||